All Denzel Curry Songs - Statistics

General Stats
  • This quiz has been taken 354 times
    128 since last reset
  • The average score is 33 of 172
Answer Stats
Album Song % Correct
Imperial ULT
84%
Melt My Eyez See Your Future Walkin
82%
Ta13oo Taboo
76%
32 Zel Ultimate
75%
Ta13oo Black Balloons
73%
Ta13oo Clout Cobain
71%
Ta13oo Sirens
66%
Zuu Ricky
64%
Ta13oo Vengeance
64%
Zuu Zuu
62%
Ta13oo Black Metal Terrorist
60%
Melt My Eyez See Your Future X-Wing
60%
Ta13oo The Blackest Balloon
59%
Melt My Eyez See Your Future Melt Session #1
58%
Ta13oo Sumo
56%
Melt My Eyez See Your Future The Ills
52%
Ta13oo Cash Maniac
51%
Zuu Wish
51%
Ta13oo Percs
47%
SKED SKED
47%
Unlocked DIET_
46%
Melt My Eyez See Your Future John Wayne
46%
Melt My Eyez See Your Future Zatoichi
46%
Imperial Gook
44%
Melt My Eyez See Your Future Ain't No Way
43%
Zuu Speedboat
43%
BLOOD ON MY NIKEZ BLOOD ON MY NIKEZ
42%
Melt My Eyez See Your Future Mental
42%
Ta13oo Super Saiyan Superman
42%
Ta13oo Switch It Up
42%
Ta13oo Mad I Got It
40%
Melt My Eyez See Your Future The Last
40%
Imperial This Life
40%
Melt My Eyez See Your Future Troubles
40%
Melt My Eyez See Your Future Angelz
39%
Melt My Eyez See Your Future Sanjuro
39%
Imperial Zenith
39%
Imperial Knotty Head
38%
Zuu Birdz
37%
Imperial If Tomorrow's Not Here
37%
Melt My Eyez See Your Future Worst Comes to Worst
35%
Melt My Eyez See Your Future The Smell of Death
34%
King Remembered (Underground Tape 1991-1995) [1991] INTRO [INDIVIDUAL N***A TRILLEST RAWEST OUTBREAKS]
33%
Zuu P.A.T.
33%
Imperial Story: No Title
33%
Zuu Shake 88
31%
Imperial Sick & Tired
31%
Zuu Carolmart
28%
Zuu Automatic
27%
Zuu Yoo
27%
Nostalgic 64 Intro
26%
13LOOD + 13LOOD OUT MIXX INTRO
26%
King of the Mischievous South, Vol. 1 (Underground Tape 1996) Intro (Inside Naive Teens Raven Opens)
26%
Unlocked Cosmic'.m4a
24%
13 Bloodshed
22%
Unlocked Pyro (leak 2019)
22%
32 Zel Ice Age
21%
Unlocked Track 01
21%
Unlocked Track07
21%
Unlocked So.Incredible.pkg
20%
13 Zeltron 6 Billion
19%
Zuu Blackland 66.6
18%
Unlocked Lay_Up.m4a
18%
King of the Mischievous South, Vol. 1 (Underground Tape 1996) Outro (Opens Underground Trill Raging Outburst)
18%
32 Zel Lord Vader Kush II
17%
King of the Mischievous South, Vol. 1 (Underground Tape 1996) Planet Shrooms!!!!!!!!!!!!!!!!!!!!!!!!!!!!
17%
Unlocked Take_it_Back_v2
17%
32 Zel Envy Me
16%
13 Hate Government
16%
Nostalgic 64 Threatz
16%
13 Heartless
15%
Zuu Bushy B Interlude
14%
13 Equalizer
14%
BLOOD ON MY NIKEZ ICE COLD ZEL FREESTYLE
14%
Imperial Narcotics
14%
SKED WOO
14%
32 Zel Chief Forever
13%
13LOOD + 13LOOD OUT MIXX EVIL TWIN
12%
Nostalgic 64 Parents
12%
Imperial Pure Enough
12%
Madden NFL 20 Soundtrack Shawshank
12%
Nostalgic 64 Zone 3
12%
13LOOD + 13LOOD OUT MIXX CHARLIE SHEEN
11%
Single #5 Psycho
9%
32 Zel 32 Ave Intro
8%
Nostalgic 64 A Day in the Life of Denzel Curry, Pt. 2
8%
Nostalgic 64 Denny Cascade
8%
Nostalgic 64 N64
8%
Single #3 Uh Huh
8%
Nostalgic 64 Benz
7%
Nostalgic 64 Dark & Violent
7%
32 Zel Delusional Shone
7%
Strictly 4 My R.V.I.D.X.R.Z. (1993) N***a Like Me
7%
13LOOD + 13LOOD OUT MIXX NO PEN NO PAD
7%
Single #2 Skywalker
7%
13LOOD + 13LOOD OUT MIXX WELCOME TO THE FUTURE
7%
Single #4 Aloha
6%
13LOOD + 13LOOD OUT MIXX GOGETA
6%
Nostalgic 64 Like Me
6%
Strictly 4 My R.V.I.D.X.R.Z. (1993) STRICTLY 4 My R.V.I.D.X.R.Z. (S.4.M.R.)
6%
Planet Shrooms Underwater
6%
Planet Shrooms Void
6%
Nostalgic 64 Widescreen
6%
Planet Shrooms Bwoii
5%
Planet Shrooms Captain Sea Fonk
5%
Nostalgic 64 Mystical Virus, Pt. 3: The Scream
5%
Planet Shrooms Past the Wudz Intro
5%
Planet Shrooms Planet Shrooms II
5%
King Remembered (Underground Tape 1991-1995) DJ PAUL MIXXIN!!!!!!!!!!!!
4%
13LOOD + 13LOOD OUT MIXX FALSE GODS FREESTYLE
4%
Strictly 4 My R.V.I.D.X.R.Z. (1993) Headcrack
4%
King of the Mischievous South, Vol. 1 (Underground Tape 1996) Headcrack!!!!!!!!!!!!!!!!! 96
4%
King Remembered (Underground Tape 1991-1995) MUTHAPHUKKIN TRILL!!!!!!!
4%
King of the Mischievous South, Vol. 1 (Underground Tape 1996) Raider Klan Phonk
4%
King Remembered (Underground Tape 1991-1995) RVIDXR!!!!!!!!
4%
Planet Shrooms Smoke 2049
4%
Nostalgic 64 Talk That Sh*t
4%
King Remembered (Underground Tape 1991-1995) THE TRILL (INTERMISSION)
4%
King Remembered (Underground Tape 1991-1995) (1995) HOPE (HIS OUTRO PERFECTED EVERYTHING)!!!!!!!!!
3%
King Remembered (Underground Tape 1991-1995) 5A.M. IN OPA-LOCKA!!!!!!!
3%
King Remembered (Underground Tape 1991-1995) BARRY WHITE!!!!!!!!
3%
King Remembered (Underground Tape 1991-1995) BLACK BLAZE (RARE) BONUS!!!!!!!!!!!!!!!!!!
3%
King of the Mischievous South, Vol. 1 (Underground Tape 1996) Creep Creep Devilz!!!!!!! 93
3%
King of the Mischievous South, Vol. 1 (Underground Tape 1996) Demonz on My Mind
3%
King of the Mischievous South, Vol. 1 (Underground Tape 1996) DJ Paul Mixxin X Juicy J!!!!!!!!!!!!!!!!!! 95
3%
King Remembered (Underground Tape 1991-1995) DROP IT ON YO ASS FOOL
3%
Single Flying Nimbus
3%
King of the Mischievous South, Vol. 1 (Underground Tape 1996) Gold Teeth and a Glock (The Creepers Song)
3%
King of the Mischievous South, Vol. 1 (Underground Tape 1996) Klvn Shxt
3%
Single #6 Lemonade
3%
King of the Mischievous South, Vol. 1 (Underground Tape 1996) One Life to Live (R.I.P. Chynaman)!!!!!!!! 94
3%
King of the Mischievous South, Vol. 1 (Underground Tape 1996) Phantazm 96!!!!!!!!!!!!!!!!
3%
King Remembered (Underground Tape 1991-1995) PLAY PUSSY (DON'T GET EFF OVA) RMX 95'
3%
King Remembered (Underground Tape 1991-1995) PURRPLE DRANK AND GOOD DANK!!!!!! 91'
3%
13LOOD + 13LOOD OUT MIXX PXSH6XD SHXT
3%
King of the Mischievous South, Vol. 1 (Underground Tape 1996) Raider Klan Phonk Freestyle!!!!!!!!!!!!!!
3%
King Remembered (Underground Tape 1991-1995) RUN RUN LIL JITT X FREEBASE!!!!!!!!!!! 94
3%
King Remembered (Underground Tape 1991-1995) RVIDXR KLVN X RAIDER KLAN!!!!!!!!
3%
King of the Mischievous South, Vol. 1 (Underground Tape 1996) Slim of the Magnolia Pyramids(R.I.P. Soulja Slim) No Limit!!!!!!!
3%
King of the Mischievous South, Vol. 1 (Underground Tape 1996) Smoked Out Locced Out
3%
King Remembered (Underground Tape 1991-1995) TEAR DA CLUB UP 97 FREESTYLE!!!!!!!
3%
King Remembered (Underground Tape 1991-1995) THE PHONK FREESTYLE!!!!!
3%
King Remembered (Underground Tape 1991-1995) THE TRILLEST!!!!!!!!!!!!!!!! 95' (THROWBACK)
3%
King Remembered (Underground Tape 1991-1995) UGK TRIBUTE THROWED CS!!!!!
3%
King Remembered (Underground Tape 1991-1995) UNCLE AL PARTY!!!!!!!!
3%
King of the Mischievous South, Vol. 1 (Underground Tape 1996) (1991) Rvvxn Miyvgi Cvrry !!!!!!! Interlude Freestyle
2%
King Remembered (Underground Tape 1991-1995) (1992)VQVVRIVZ'KILLV'CURRY!!!!!!!!!!! INTERLUDE FREESTYLE
2%
Strictly 4 My R.V.I.D.X.R.Z. (1993) 1995 Phonk Blvcklvnd Rvdix 66.6
2%
Strictly 4 My R.V.I.D.X.R.Z. (1993) A Life in the Day of Denzel Curry
2%
Strictly 4 My R.V.I.D.X.R.Z. (1993) Art of God [S.4.M.R. Intro]
2%
Strictly 4 My R.V.I.D.X.R.Z. (1993) Blvcklvnd Goddess
2%
Strictly 4 My R.V.I.D.X.R.Z. (1993) Champ's n G's
2%
Strictly 4 My R.V.I.D.X.R.Z. (1993) Cokey Conversation
2%
King Remembered (Underground Tape 1991-1995) HOW I FEEL X YOUNG BOI MIKE DECE!!!!!!!! THROWED
2%
King Remembered (Underground Tape 1991-1995) MUTHAPHUKKN TRILL!!!!!!! S.U.C STYLE 95 RMX
2%
Strictly 4 My R.V.I.D.X.R.Z. (1993) R.V.I.D.X.R.Z.
2%
King Remembered (Underground Tape 1991-1995) THE TWILIGHT ZONE INTERLUDE MOTHERSHIP!!!!!!!!!!!!!! 93
2%
Strictly 4 My R.V.I.D.X.R.Z. (1993) Trippy Phonk 1993
2%
Strictly 4 My R.V.I.D.X.R.Z. (1993) Ending Hour
1%
Strictly 4 My R.V.I.D.X.R.Z. (1993) Headcrack Remix
1%
Strictly 4 My R.V.I.D.X.R.Z. (1993) PhonkyChevySouthernKlvnZuPimpinMuzik
1%
Strictly 4 My R.V.I.D.X.R.Z. (1993) Son of Sam
1%
Mental Vendetta Brainwash Pimpin
0%
Mental Vendetta GTA 666
0%
Mental Vendetta Hacienda
0%
Mental Vendetta Leen & Purple Females
0%
Mental Vendetta Miggidy Mic Check
0%
Mental Vendetta Onnem Titties
0%
Strictly 4 My R.V.I.D.X.R.Z. (1993) Ridin n Da Back
0%
Mental Vendetta Slow Phonk Jam
0%
Mental Vendetta Tropikal Shirt
0%
Mental Vendetta U Ma B***h Doee
0%
No matching quizzes found
Score Distribution
Percent of People with Each Score
Percentile by Number Answered
Your Score History
You have not taken this quiz since the last reset